00679nam a22001697a 4500003000900000008004100009040007100050082001900121100002100140245003600161260004200197300002600239505016900265650003100434650002100465650002300486AR-CdUCM190307b ||||| |||| 00| 0 spa d aMUNICIPALIDAD PROVINCIAL DEL CUSCOcBIBLIOTECA MUNICIPAL DEL CUSCO a869.569 /bV23 aVallejo, César aContra el secreto profesional / aLima : bMosca Azul Editores, c1973. a101 paginas ;c19 cm. aContenido t.1:La mayoría de las gentes -- Al animal se le guía -- La cabeza y los pies de la dialéctica -- La muerte de la muerte -- Individuo y sociedad ... aProsas poéticas peruanas aEnsayos peruanos aLiteratura peruana